000 00952nam a2200277Ia 4500
005 20150209150229.0
010 _aBAC-EN21 ENG-111935
020 _a9788126511143
_c699.00
035 _aEN-95467
035 _aB-586973-002
037 _bAsian Book Centre/Ven
_adpl
037 _bDBAD/PUB
082 _a546
100 _aCotton, F. Albert
245 _aBasic inorganaic chemistry /
_bby F. Albert Cotton, Geoffrey Wilkinson [and] Paul L. Gaus
250 _a3rd ed
260 _c2014 (repr.)
_aNew Delhi
_bJohn Wiley
270 _a4435-36/7, Ansari Road, Daryaganj
_bNew Delhi
_e110002
300 _c23cm(pbk)
_axii,838p. :
_bill.
500 _aIncludes index
650 _aChemistry, Inorganic.
700 _aWilkinson, Geoffery
700 _aGaus, Paul L.
942 _cEN
_2ddc
_mCOT
_h546
999 _c88035
_d88035